00995nam a2200325Ia 4500003000400000005001700004008004100021020001500062040001800077041000800095082002100103100001600124245006000140250001200200260003700212300002900249650003700278650003900315650002100354650003300375650003400408650003400442650003100476650004700507650003500554700001800589700002000607700002400627700001800651OSt20231121112813.0210716s2000 xx 000 0 und d a0072375167 cAIMIT LIBRARY aeng a658.8421b HUFS aHuff, Sid L aCases in electronic commerce /cBy Sid L Huff.,[et.,al] a1st ed. aNew Delhi :bMcGraw Hill,c2000. ax,470p. ;bPB :c23.5 cm aThe Roots Of Electronic Commerce aElectronic Commerce Infrastructure aThe ISP Business aElectronic Commerce-Services aElectronic Commerce -Products aElectronic Commerce -Services aInternet Paying Mechanisma aFinancial Services and Electronic Commerce aElectronic Commerce Marketing  aWade, Michael aParent, Michael aSchneberger, Scott. aNewaon, Peter